000 00537nam a2200181Ia 4500
003 LDD
008 181101s9999 xx 000 0 und d
020 _a9789350737606
_c200.00
040 _cLDD
100 _aSattan, Abdus
245 0 _aUrdu shair-o-adab men Hindustaniyat aur hubbul watani
_cAbdus Sattan
260 _aDelhi
_bEducational Publishing House
_c2016
300 _a136p.
901 _a15920
_b17-03-2017
902 _a2840
_b17-03-2017
_cF
_dPIBD
_e8U
903 _a20
_bReqst by : Moh.Akbar
942 _2ddc
_cUR
999 _c180
_d180